00338pab a2200121 454500008004000000100001700040245006600057260000900123300001400132362001200146650001800158773004000176180718b2004 xxu||||| |||| 00| 0 eng d aNisar-ul-Haq aGlobalization: towards a new perspective on political economy c2004 ap.317-30. aJul-Sep aGlobalization aIndian Journal of Political Science